Rolle und Rollenkonflikt im Recht
| Main Author: | |
|---|---|
| Format: | Print Book |
| Language: | German |
| Published: |
Berlin
Duncker & Humblot
1972
|
| In: |
Schriftenreihe zur Rechtssoziologie und Rechtstatsachenforschung (26)
Year: 1972 |
| Availability in Tübingen: | Present in Tübingen. IFK: O III 51 |
| Check availability: | HBZ Gateway |
| Subito Delivery Service: | Order now. |
| Keywords: |
MARC
| LEADER | 00000cam a2200000 c 4500 | ||
|---|---|---|---|
| 001 | 022074457 | ||
| 003 | DE-627 | ||
| 005 | 20260206205149.0 | ||
| 007 | tu | ||
| 008 | 840920s1972 gw ||||| m 00| ||ger c | ||
| 015 | |a 72,A20,0081 |2 dnb | ||
| 016 | 7 | |a 720076374 |2 DE-101 | |
| 020 | |a 3428025989 |9 3-428-02598-9 | ||
| 035 | |a (DE-627)022074457 | ||
| 035 | |a (DE-603)017340888 | ||
| 035 | |a (DE-576)006826334 | ||
| 035 | |a (DE-599)GBV022074457 | ||
| 035 | |a (OCoLC)251861170 | ||
| 035 | |a (OCoLC)251861170 | ||
| 035 | |a (OCoLC)09515438 | ||
| 035 | |a (AT-OBV)AC00650269 | ||
| 035 | |a (DE-604)806317006x | ||
| 040 | |a DE-627 |b ger |c DE-627 |e rakwb | ||
| 041 | |a ger | ||
| 044 | |c XA-DE | ||
| 050 | 0 | |a LAW | |
| 084 | |a 04a |a 05b |2 sdnb | ||
| 084 | |a 1 |2 ssgn | ||
| 084 | |a 2 |2 ssgn | ||
| 084 | |a PI 5030 |2 rvk |0 (DE-625)rvk/136636: | ||
| 084 | |a MR 5500 |2 rvk |0 (DE-625)rvk/123518: | ||
| 084 | |a PI 5020 |2 rvk |0 (DE-625)rvk/136634: | ||
| 100 | 1 | |a Wüstmann, Ephard |4 aut | |
| 245 | 1 | 0 | |a Rolle und Rollenkonflikt im Recht |c von Ephard Wüstmann |
| 264 | 1 | |a Berlin |b Duncker & Humblot |c 1972 | |
| 300 | |a 209 S. | ||
| 336 | |a Text |b txt |2 rdacontent | ||
| 337 | |a ohne Hilfsmittel zu benutzen |b n |2 rdamedia | ||
| 338 | |a Band |b nc |2 rdacarrier | ||
| 490 | 1 | |a Schriftenreihe zur Rechtssoziologie und Rechtstatsachenforschung |v 26 | |
| 500 | |a Literaturverz. S. [197] - 209 | ||
| 502 | |a Zugl.: Bielefeld, Univ., Diss. | ||
| 583 | 1 | |a Archivierung/Langzeitarchivierung gewährleistet |f SSG |x XA-DE-BW |2 pdager |5 DE-21 | |
| 650 | 0 | |a Status (Law) |x Germany (West) | |
| 650 | 0 | |a Personality (Law) |x Germany (West) | |
| 650 | 0 | |a Sociological jurisprudence | |
| 650 | 0 | 7 | |0 (DE-588)4048837-8 |0 (DE-627)104814330 |0 (DE-576)209079452 |a Rechtssoziologie |2 gnd |
| 650 | 0 | 7 | |0 (DE-588)4178413-3 |0 (DE-627)104105313 |0 (DE-576)209984244 |a Rollentheorie |2 gnd |
| 650 | 4 | |a Soziale Rolle | |
| 650 | 4 | |a Rechtssoziologie | |
| 650 | 4 | |a Soziale Rolle / Recht | |
| 655 | 7 | |a Hochschulschrift |0 (DE-588)4113937-9 |0 (DE-627)105825778 |0 (DE-576)209480580 |2 gnd-content | |
| 689 | 0 | 0 | |d s |0 (DE-588)4048737-4 |0 (DE-627)106189719 |0 (DE-576)20907907X |a Recht |2 gnd |
| 689 | 0 | 1 | |d s |0 (DE-588)4055729-7 |0 (DE-627)106157019 |0 (DE-576)209115130 |a Soziale Rolle |2 gnd |
| 689 | 0 | |5 DE-101 | |
| 689 | 1 | 0 | |d s |0 (DE-588)4048837-8 |0 (DE-627)104814330 |0 (DE-576)209079452 |a Rechtssoziologie |2 gnd |
| 689 | 1 | |5 (DE-627) | |
| 689 | 2 | 0 | |d s |0 (DE-588)4178413-3 |0 (DE-627)104105313 |0 (DE-576)209984244 |a Rollentheorie |2 gnd |
| 689 | 2 | |5 (DE-627) | |
| 751 | |a Bielefeld |4 uvp | ||
| 830 | 0 | |a Schriftenreihe zur Rechtssoziologie und Rechtstatsachenforschung |v 26 |9 26 |w (DE-627)130189243 |w (DE-576)015732827 |w (DE-600)528915-4 |x 0720-7514 |7 am | |
| 889 | |w (DE-627)43201537X | ||
| 935 | |a mteo | ||
| 935 | |i mdedup | ||
| 935 | |i Blocktest | ||
| 935 | |h HEB |i 0501 | ||
| 935 | |h HEB |i 0503 | ||
| 936 | r | v | |a PI 5030 |b Rechtsanthropologie, Verhaltensforschung und Recht, Rechtsethnologie |k Rechtswissenschaft |k Allgemeine Rechtslehre und Rechtstheorie, Rechts- und Staatsphilosophie, Rechtssoziologie |k Rechtssoziologie, Rechtstatsachenforschung |k Rechtsanthropologie, Verhaltensforschung und Recht, Rechtsethnologie |0 (DE-627)1271240149 |0 (DE-625)rvk/136636: |0 (DE-576)201240149 |
| 936 | r | v | |a MR 5500 |b Rollentheorien (Status und Rolle); Symbolischer Interaktionismus |k Soziologie |k Sozialwissenschaftliche Theorien und Methoden |k Jüngere soziologische Theorie |k Rollentheorien (Status und Rolle); Symbolischer Interaktionismus |0 (DE-627)1271428156 |0 (DE-625)rvk/123518: |0 (DE-576)201428156 |
| 936 | r | v | |a PI 5020 |b Einzeldarstellungen |k Rechtswissenschaft |k Allgemeine Rechtslehre und Rechtstheorie, Rechts- und Staatsphilosophie, Rechtssoziologie |k Rechtssoziologie, Rechtstatsachenforschung |k Einzeldarstellungen |0 (DE-627)1271266474 |0 (DE-625)rvk/136634: |0 (DE-576)201266474 |
| 936 | s | n | |a m200 |2 mzub |
| 936 | s | n | |a p100 |2 mzub |
| 951 | |a BO | ||
| ELC | |b 1 | ||
| LOK | |0 000 xxxxxcx a22 zn 4500 | ||
| LOK | |0 001 3133673211 | ||
| LOK | |0 003 DE-627 | ||
| LOK | |0 004 022074457 | ||
| LOK | |0 005 20070705093437 | ||
| LOK | |0 008 070705||||||||||||||||ger||||||| | ||
| LOK | |0 040 |a DE-21-110 |c DE-627 |d DE-21-110 | ||
| LOK | |0 852 |a DE-21-110 | ||
| LOK | |0 852 1 |c O III 51 |m p |9 00 | ||
| LOK | |0 936ln |a 7.1 | ||
| LOK | |0 938 |k p | ||
| LOK | |0 939 |a 05-07-07 |b l01 | ||
| ORI | |a SA-MARC-krimdoka001.raw | ||
| SIG | |a IFK: O III 51 | ||
